000 00589nam a2200253Ia 4500
005 20260121153940.0
008 008 260114s9999 xx 000 0 eng d
020 _a9781003297444
037 _aEBOOK
040 _aCRL
040 _beng
040 _cCRL
041 _2eng
041 _aeng
084 _qCRL
100 _a David Jenkins
_91001130
245 0 _aNature and Bureaucracy
260 _bTaylor and Francis
260 _c2023
856 _uhttp://www.taylorfrancis.com/books/9781003297444
942 _cEBOOK
999 _c1567951
_d1567951